[Event "Mecklenburg VP LL2 Ost 1415"]
[Site "Mecklenburg VP"]
[Date "2014.11.23"]
[Round "3.6"]
[White "Malchau, Jochen"]
[Black "Mayerhoff, Lothar"]
[Result "1-0"]
[WhiteElo "1597"]
[BlackElo "1560"]
[PlyCount "61"]
[EventDate "2014.09.21"]
[EventType "team-tourn"]
[EventRounds "9"]
[EventCountry "GER"]
[SourceTitle "EXT 2022"]
[Source "ChessBase"]
[SourceDate "2021.10.06"]
[SourceVersion "1"]
[SourceVersionDate "2021.10.06"]
[SourceQuality "1"]
[WhiteTeam "Greifswald II"]
[BlackTeam "Waren ESV"]
[WhiteTeamCountry "GER"]
[BlackTeamCountry "GER"]

1. d4 e6 2. c4 Nf6 3. Nc3 Bb4 4. Bd2 Nc6 5. Nf3 0-0 6. a3 Bxc3 7. Bxc3 Ne4 8. Qc2 Nxc3 9. Qxc3 b6 10. e3 Bb7 11. Be2 d6 12. 0-0 Ne7 13. Rfd1 f5 14. Nd2 Rf6 15. Bf3 Bxf3 16. Nxf3 Ng6 17. b4 Qe7 18. Rac1 c5 19. h3 e5 20. dxe5 dxe5 21. Rd5 cxb4 22. axb4 e4 23. Ne5 Re8 24. Nxg6 hxg6 25. Rcd1 Rf7 26. c5 bxc5 27. bxc5 Qc7 28. Rd6 g5 29. Qc4 Kh7 30. Qd5 Ree7 31. c6 1-0

[Event "Mecklenburg VP LL2 Ost 1314"]
[Site "Mecklenburg VP"]
[Date "2014.03.16"]
[Round "7.7"]
[White "Mayerhoff, Lothar"]
[Black "Macherius, Uwe"]
[Result "0-1"]
[WhiteElo "1570"]
[BlackElo "1595"]
[PlyCount "78"]
[EventDate "2013.10.27"]
[EventType "team-tourn"]
[EventRounds "9"]
[EventCountry "GER"]
[SourceTitle "EXT 2022"]
[Source "ChessBase"]
[SourceDate "2021.10.06"]
[SourceVersion "1"]
[SourceVersionDate "2021.10.06"]
[SourceQuality "1"]
[WhiteTeam "Waren ESV"]
[BlackTeam "Wolgast Motor"]
[WhiteTeamCountry "GER"]
[BlackTeamCountry "GER"]

1. d4 d5 2. Nf3 Nf6 3. c4 e6 4. a3 Be7 5. Nc3 c6 6. e3 Nbd7 7. Bd3 dxc4 8. Bxc4 Nb6 9. Ba2 Nbd5 10. 0-0 Nxc3 11. bxc3 Qa5 12. Qb3 Ne4 13. Bb2 Qh5 14. Bb1 Ng5 15. Nxg5 Qxg5 16. f4 Qh5 17. Qd1 Qb5 18. Qd2 c5 19. Be4 Rb8 20. d5 exd5 21. Bxd5 c4 22. e4 Qb6+ 23. Kh1 Be6 24. Bxe6 Qxe6 25. f5 Qb6 26. Qf2 Qxf2 27. Rxf2 Rd8 28. a4 Bf6 29. Re1 Be5 30. g4 f6 31. Re3 Rd1+ 32. Kg2 Kf7 33. Rf1 Rxf1 34. Kxf1 Bxh2 35. Ba3 Be5 36. Bc5 b6 37. Ba3 Rd8 38. Ke2 h6 39. Bc1 Bf4 0-1

[Event "Mecklenburg VP LL2 Ost 1314"]
[Site "Mecklenburg VP"]
[Date "2013.11.24"]
[Round "3.7"]
[White "Mayerhoff, Lothar"]
[Black "Stoevesand, Peter"]
[Result "0-1"]
[WhiteElo "1570"]
[BlackElo "1831"]
[PlyCount "76"]
[EventDate "2013.10.27"]
[EventType "team-tourn"]
[EventRounds "9"]
[EventCountry "GER"]
[SourceTitle "EXT 2022"]
[Source "ChessBase"]
[SourceDate "2021.10.06"]
[SourceVersion "1"]
[SourceVersionDate "2021.10.06"]
[SourceQuality "1"]
[WhiteTeam "Waren ESV"]
[BlackTeam "Neubrandenburg SG Eintracht"]
[WhiteTeamCountry "GER"]
[BlackTeamCountry "GER"]

1. d4 d5 2. Nf3 Nf6 3. e3 e6 4. c4 Nbd7 5. Nc3 b6 6. cxd5 exd5 7. Bd3 Bb7 8. 0-0 Be7 9. Qe2 0-0 10. Ne5 c5 11. f4 Ne4 12. Rf3 f5 13. Bb5 Ndf6 14. Ba6 Qc8 15. Bxb7 Qxb7 16. Bd2 Rac8 17. Be1 g6 18. h3 Bd6 19. Rf1 a6 20. g4 Rc7 21. g5 Nxc3 22. Bxc3 Ne4 23. Qd3 c4 24. Qd1 b5 25. Ba5 Re7 26. Qe1 b4 27. a3 b3 28. Bb4 Qb6 29. Bxd6 Qxd6 30. Qb4 Ra8 31. Kg2 a5 32. Qxd6 Nxd6 33. Kf3 Ne4 34. Rfd1 Rc7 35. Rac1 Rac8 36. Kg2 a4 37. Kg1 c3 38. Nd3 Rc4 0-1

[Event "Mecklenburg VP LL2 Ost 1213"]
[Site "Mecklenburg VP"]
[Date "2013.04.14"]
[Round "8.7"]
[White "Mayerhoff, Lothar"]
[Black "Hiltner, Harald"]
[Result "1-0"]
[WhiteElo "1571"]
[BlackElo "1543"]
[PlyCount "45"]
[EventDate "2012.10.14"]
[EventType "team-tourn"]
[EventRounds "9"]
[EventCountry "GER"]
[SourceTitle "EXT 2022"]
[Source "ChessBase"]
[SourceDate "2021.10.06"]
[SourceVersion "1"]
[SourceVersionDate "2021.10.06"]
[SourceQuality "1"]
[WhiteTeam "Waren ESV"]
[BlackTeam "Waterkant Saal SV"]
[WhiteTeamCountry "GER"]
[BlackTeamCountry "GER"]

1. d4 d5 2. Nf3 Nc6 3. c4 dxc4 4. Nc3 e6 5. a3 Nf6 6. Bg5 Be7 7. Qc2 Nd5 8. Bxe7 Qxe7 9. e4 Nxc3 10. bxc3 0-0 11. Bxc4 Na5 12. Ba2 Bd7 13. 0-0 Rad8 14. Ne5 b6 15. f4 Nc6 16. Nxd7 Rxd7 17. e5 f5 18. exf6 Qxf6 19. f5 Re7 20. fxe6 Qg5 21. Rxf8+ Kxf8 22. Rf1+ Ke8 23. Qf2 1-0

[Event "Mecklenburg VP LL2 Ost 1213"]
[Site "Mecklenburg VP"]
[Date "2013.03.17"]
[Round "7.7"]
[White "Mayerhoff, Lothar"]
[Black "Nauschuetz, Ernst"]
[Result "0-1"]
[WhiteElo "1571"]
[BlackElo "1853"]
[PlyCount "84"]
[EventDate "2012.10.14"]
[EventType "team-tourn"]
[EventRounds "9"]
[EventCountry "GER"]
[SourceTitle "EXT 2022"]
[Source "ChessBase"]
[SourceDate "2021.10.06"]
[SourceVersion "1"]
[SourceVersionDate "2021.10.06"]
[SourceQuality "1"]
[WhiteTeam "Waren ESV"]
[BlackTeam "Greifswald II"]
[WhiteTeamCountry "GER"]
[BlackTeamCountry "GER"]

1. d4 Nf6 2. c4 e6 3. Nc3 Bb4 4. a3 Bxc3+ 5. bxc3 Nc6 6. Qc2 b6 7. e4 Ba6 8. Bg5 h6 9. Bh4 g5 10. Bg3 Nh5 11. Nf3 Na5 12. Nd2 d6 13. Be2 Nxg3 14. hxg3 Qd7 15. Rb1 c5 16. d5 0-0-0 17. f3 f5 18. exf5 exf5 19. Bd3 Rdf8 20. Kf2 Kc7 21. Rbe1 h5 22. Re6 Qh7 23. Rhe1 Rf7 24. Bxf5 Qxf5 25. Re7+ Kb8 26. Qxf5 Rxf5 27. Rd7 Nxc4 28. Nxc4 Bxc4 29. Ree7 Bxd5 30. c4 Ba8 31. Rxa7 d5 32. Ra6 Rf6 33. cxd5 Bxd5 34. Raa7 c4 35. Rad7 Bc6 36. Rd4 b5 37. a4 Rc8 38. axb5 Bxb5 39. Re5 Ba6 40. Ke1 g4 41. f4 c3 42. Kd1 Rb6 0-1

[Event "Mecklenburg VP LL2 Ost 1213"]
[Site "Mecklenburg VP"]
[Date "2012.11.11"]
[Round "2.7"]
[White "Mayerhoff, Lothar"]
[Black "Mauser, Tassilo Tino"]
[Result "1/2-1/2"]
[WhiteElo "1571"]
[BlackElo "1525"]
[PlyCount "41"]
[EventDate "2012.10.14"]
[EventType "team-tourn"]
[EventRounds "9"]
[EventCountry "GER"]
[SourceTitle "EXT 2022"]
[Source "ChessBase"]
[SourceDate "2021.10.06"]
[SourceVersion "1"]
[SourceVersionDate "2021.10.06"]
[SourceQuality "1"]
[WhiteTeam "Waren ESV"]
[BlackTeam "Gryps SV"]
[WhiteTeamCountry "GER"]
[BlackTeamCountry "GER"]

1. d4 d6 2. Nf3 Nd7 3. Bf4 Ngf6 4. h3 g6 5. Nbd2 Bg7 6. e4 0-0 7. Bc4 Nb6 8. Bb3 d5 9. e5 Nfd7 10. c4 dxc4 11. Nxc4 Nxc4 12. Bxc4 Nb6 13. Bb3 c6 14. 0-0 Bf5 15. Re1 Nd5 16. Qd2 Nxf4 17. Qxf4 Qd7 18. Re3 Be6 19. Rae1 Bxb3 20. Rxb3 e6 21. Qe3 1/2-1/2

[Event "Mecklenburg VP VL 1112"]
[Site "Mecklenburg VP"]
[Date "2012.01.15"]
[Round "5.8"]
[White "Haertel, Joachim"]
[Black "Mayerhoff, Lothar"]
[Result "1-0"]
[WhiteElo "1624"]
[BlackElo "1585"]
[PlyCount "93"]
[EventDate "2011.10.02"]
[EventType "team-tourn"]
[EventRounds "9"]
[EventCountry "GER"]
[SourceTitle "EXT 2022"]
[Source "ChessBase"]
[SourceDate "2021.10.06"]
[SourceVersion "1"]
[SourceVersionDate "2021.10.06"]
[SourceQuality "1"]
[WhiteTeam "Warnemuende SF Ostsee"]
[BlackTeam "Waren ESV"]
[WhiteTeamCountry "GER"]
[BlackTeamCountry "GER"]

1. e4 c5 2. Nf3 a6 3. d4 cxd4 4. Nxd4 e5 5. Nb3 Nf6 6. Bg5 h6 7. Bh4 Qb6 8. N1d2 Be7 9. Bd3 Nc6 10. Nc4 Qc7 11. Bg3 d6 12. c3 Be6 13. Qe2 d5 14. exd5 Bxd5 15. Nxe5 Nxe5 16. Bxe5 Qb6 17. Bd4 Qe6 18. Qxe6 Bxe6 19. 0-0 0-0 20. Rfe1 Bd6 21. Nc5 Bd5 22. Bxf6 gxf6 23. Nd7 Kg7 24. Nxf8 Rxf8 25. Be4 Bxe4 26. Rxe4 a5 27. Rae1 Be5 28. g3 Rd8 29. f4 Bd6 30. Kg2 Bc5 31. R1e2 Rd1 32. b4 axb4 33. cxb4 Bf8 34. a3 Kg6 35. Re8 Bg7 36. R8e7 Rd3 37. R2e3 Rd2+ 38. Kh3 f5 39. Rxb7 Bd4 40. Re1 Ra2 41. Rd1 Be3 42. Rbd7 h5 43. R7d3 Ba7 44. b5 f6 45. Rb1 Bb6 46. Rd6 Bc5 47. Ra6 1-0

[Event "Mecklenburg VP LL2 Ost 1011"]
[Site "Mecklenburg VP"]
[Date "2011.01.23"]
[Round "6.8"]
[White "Assmann, Hans"]
[Black "Mayerhoff, Lothar"]
[Result "1-0"]
[WhiteElo "1551"]
[BlackElo "1592"]
[PlyCount "87"]
[EventDate "2010.10.10"]
[EventType "team-tourn"]
[EventRounds "9"]
[EventCountry "GER"]
[SourceTitle "EXT 2022"]
[Source "ChessBase"]
[SourceDate "2021.10.06"]
[SourceVersion "1"]
[SourceVersionDate "2021.10.06"]
[SourceQuality "1"]
[WhiteTeam "Stralsund FHSG II"]
[BlackTeam "Waren ESV"]
[WhiteTeamCountry "GER"]
[BlackTeamCountry "GER"]

1. e4 c5 2. Nc3 e5 3. Nf3 Nc6 4. Bb5 d6 5. h3 Nf6 6. d3 h6 7. a3 Be6 8. Be3 Qc8 9. Nd2 g5 10. f3 a6 11. Bc4 Ne7 12. Bxe6 Qxe6 13. b3 Rc8 14. Qe2 Nh5 15. Qf2 f5 16. exf5 Qd7 17. g4 Nf4 18. Bxf4 gxf4 19. Nce4 Kf7 20. Nc4 Nd5 21. Qh4 Rc6 22. Qh5+ Ke7 23. Qg6 b5 24. Ncd2 Qe8 25. Qe6+ Kd8 26. Qxd5 Kc7 27. a4 b4 28. Nc4 Be7 29. a5 Qd8 30. Nb6 Bh4+ 31. Ke2 Re8 32. Qc4 Kb7 33. Qd5 Qe7 34. c3 bxc3 35. Rac1 Qc7 36. Rxc3 Rd8 37. Rb1 Ka7 38. Rbc1 Rxb6 39. axb6+ Qxb6 40. Nd2 c4 41. Nxc4 Qf2+ 42. Kd1 Rb8 43. Nxd6 Qe1+ 44. Kc2 1-0

[Event "Mecklenburg VP-ch"]
[Site "Nakenstorf"]
[Date "2010.04.04"]
[Round "7.17"]
[White "Jaehn, Janis"]
[Black "Mayerhoff, Lothar"]
[Result "0-1"]
[WhiteElo "1483"]
[BlackElo "1636"]
[PlyCount "50"]
[EventDate "2010.04.01"]
[EventType "swiss"]
[EventRounds "9"]
[EventCountry "GER"]
[SourceTitle "EXT 2022"]
[Source "ChessBase"]
[SourceDate "2021.10.06"]
[SourceVersion "1"]
[SourceVersionDate "2021.10.06"]
[SourceQuality "1"]

1. f4 e6 2. Nf3 f5 3. e3 Nf6 4. b3 Nc6 5. Bb2 Be7 6. Bb5 a6 7. Bxc6 bxc6 8. d3 Bb7 9. Nbd2 0-0 10. Qe2 a5 11. a4 Nd5 12. 0-0-0 Bf6 13. d4 Ba6 14. Qf2 d6 15. Nb1 c5 16. dxc5 Bxb2+ 17. Kxb2 Qf6+ 18. c3 Rfb8 19. Nd4 dxc5 20. Nc6 Rb6 21. e4 Nxc3 22. e5 Nxd1+ 23. Rxd1 Qf8 24. Nxa5 c4 25. Nd2 c3+ 0-1

[Event "Mecklenburg VP-ch"]
[Site "Nakenstorf"]
[Date "2010.04.04"]
[Round "8.15"]
[White "Mayerhoff, Lothar"]
[Black "Wulff, Jens Peter"]
[Result "0-1"]
[WhiteElo "1636"]
[BlackElo "1862"]
[PlyCount "80"]
[EventDate "2010.04.01"]
[EventType "swiss"]
[EventRounds "9"]
[EventCountry "GER"]
[SourceTitle "EXT 2022"]
[Source "ChessBase"]
[SourceDate "2021.10.06"]
[SourceVersion "1"]
[SourceVersionDate "2021.10.06"]
[SourceQuality "1"]

1. d4 c6 2. Nf3 d6 3. g3 g6 4. Bg2 Bg7 5. 0-0 Na6 6. c3 Nc7 7. e4 f6 8. Re1 Nh6 9. Na3 Nf7 10. Nc2 0-0 11. Nh4 e5 12. Ne3 Re8 13. d5 cxd5 14. Nxd5 Ne6 15. b4 Nf8 16. a3 Be6 17. Ra2 Rc8 18. Rc2 b5 19. Be3 Rc6 20. Ree2 Qd7 21. Qc1 Rc4 22. Red2 Bh3 23. f3 Bxg2 24. Nxg2 Ne6 25. Rd3 Neg5 26. Bd2 Nh3+ 27. Kf1 f5 28. Qe1 fxe4 29. fxe4 Nfg5 30. Bxg5 Nxg5 31. Rf2 Nxe4 32. Rff3 Ng5 33. Rf2 Nh3 34. Rdf3 Nxf2 35. Qxf2 Qe6 36. Nge3 Rec8 37. Nf6+ Bxf6 38. Rxf6 Qxf6 39. Qxf6 Rf8 40. Qxf8+ Kxf8 0-1

[Event "Mecklenburg VP-ch"]
[Site "Nakenstorf"]
[Date "2010.04.01"]
[Round "1.13"]
[White "Mayerhoff, Lothar"]
[Black "Stutz, Reno"]
[Result "0-1"]
[WhiteElo "1636"]
[BlackElo "2033"]
[PlyCount "52"]
[EventDate "2010.04.01"]
[EventType "swiss"]
[EventRounds "9"]
[EventCountry "GER"]
[SourceTitle "EXT 2022"]
[Source "ChessBase"]
[SourceDate "2021.10.06"]
[SourceVersion "1"]
[SourceVersionDate "2021.10.06"]
[SourceQuality "1"]

1. d4 d5 2. c4 Bf5 3. e3 e6 4. Qb3 Nc6 5. Bd2 Rb8 6. cxd5 exd5 7. Nc3 Nf6 8. Nf3 Be7 9. Nh4 Be6 10. Nf3 0-0 11. a3 Ne4 12. Bd3 Nxd2 13. Nxd2 a6 14. Qc2 f5 15. g4 fxg4 16. Bxh7+ Kh8 17. Nf1 Bg5 18. Ng3 Qf6 19. Rf1 Rbe8 20. Qg6 Nxd4 21. Qxf6 gxf6 22. Bd3 Nf3+ 23. Kd1 c5 24. Nce2 d4 25. Ne4 Bb3+ 26. Kc1 Rxe4 0-1

[Event "Mecklenburg VP LL2 Ost 0910"]
[Site "Mecklenburg VP"]
[Date "2010.03.28"]
[Round "6.7"]
[White "Mayerhoff, Lothar"]
[Black "Hantel, Thomas"]
[Result "0-1"]
[WhiteElo "1636"]
[BlackElo "1641"]
[PlyCount "40"]
[EventDate "2009.10.18"]
[EventType "team-tourn"]
[EventRounds "9"]
[EventCountry "GER"]
[SourceTitle "EXT 2016"]
[Source "ChessBase"]
[SourceDate "2015.10.08"]
[SourceVersion "1"]
[SourceVersionDate "2015.10.08"]
[SourceQuality "1"]
[WhiteTeam "Waren"]
[BlackTeam "Guestrow/Teterow"]
[WhiteTeamCountry "GER"]
[BlackTeamCountry "GER"]

1. d4 d5 2. c4 e6 3. Nc3 Nf6 4. a3 Be7 5. Nf3 0-0 6. Bg5 h6 7. Bh4 Ne4 8. Nxe4 dxe4 9. Bxe7 Qxe7 10. Ne5 Rd8 11. h3 f5 12. e3 c5 13. Qd2 Nd7 14. Nxd7 Bxd7 15. Qc3 Bc6 16. 0-0-0 Ba4 17. b3 cxd4 18. exd4 Qxa3+ 19. Kc2 Qa2+ 20. Qb2 Bxb3+ 0-1

[Event "Mecklenburg VP LL2 Ost 0809"]
[Site "Mecklenburg VP"]
[Date "2009.03.15"]
[Round "8.6"]
[White "Mayerhoff, Lothar"]
[Black "Meyer, Jan"]
[Result "1/2-1/2"]
[WhiteElo "1583"]
[BlackElo "1680"]
[PlyCount "49"]
[EventDate "2008.09.28"]
[EventType "team-tourn"]
[EventRounds "9"]
[EventCountry "GER"]
[SourceTitle "EXT 2022"]
[Source "ChessBase"]
[SourceDate "2021.10.06"]
[SourceVersion "1"]
[SourceVersionDate "2021.10.06"]
[SourceQuality "1"]
[WhiteTeam "Waren ESV"]
[BlackTeam "Warnemuende SF Ostsee II"]
[WhiteTeamCountry "GER"]
[BlackTeamCountry "GER"]

1. d4 Nf6 2. c4 e6 3. Nc3 c5 4. e3 Be7 5. Bd3 0-0 6. Nf3 Nc6 7. 0-0 Nb4 8. Bb1 d5 9. a3 Nc6 10. b3 Na5 11. dxc5 dxc4 12. b4 Nb3 13. Ra2 b6 14. Qe2 bxc5 15. Qxc4 Nxc1 16. Rxc1 cxb4 17. axb4 Qb6 18. b5 Bd7 19. Bc2 Rac8 20. Qb3 Rb8 21. Bd3 a6 22. Na4 Qd8 23. b6 Bxa4 24. Rxa4 Rxb6 25. Qc4 1/2-1/2

[Event "Mecklenburg VP LL2 Ost 0809"]
[Site "Mecklenburg VP"]
[Date "2009.02.01"]
[Round "6.7"]
[White "Mayerhoff, Lothar"]
[Black "Schellner, Ulf"]
[Result "1-0"]
[WhiteElo "1583"]
[BlackElo "1560"]
[PlyCount "61"]
[EventDate "2008.09.28"]
[EventType "team-tourn"]
[EventRounds "9"]
[EventCountry "GER"]
[SourceTitle "EXT 2022"]
[Source "ChessBase"]
[SourceDate "2021.10.06"]
[SourceVersion "1"]
[SourceVersionDate "2021.10.06"]
[SourceQuality "1"]
[WhiteTeam "Waren ESV"]
[BlackTeam "Wolgast Motor"]
[WhiteTeamCountry "GER"]
[BlackTeamCountry "GER"]

1. d4 d5 2. c4 e6 3. Nc3 Nf6 4. Nf3 Be7 5. e3 0-0 6. Bd3 dxc4 7. Bxc4 Nbd7 8. a3 Nb6 9. Ba2 c5 10. 0-0 cxd4 11. exd4 Nbd5 12. Qd3 Re8 13. h3 b6 14. Nxd5 Nxd5 15. Bb1 g6 16. Ne5 Bb7 17. Qf3 Bf6 18. Be4 Rb8 19. Bh6 Qe7 20. Rfd1 Bg7 21. Bxg7 Kxg7 22. Rac1 Rec8 23. Qg3 Nf6 24. Bxb7 Rxc1 25. Rxc1 Rxb7 26. Nf3 Nd5 27. Qe5+ Qf6 28. Qd6 Nf4 29. Rc8 Re7 30. Qd8 Kh6 31. Qf8+ 1-0

[Event "Mecklenburg VP LL2 Ost 0809"]
[Site "Mecklenburg VP"]
[Date "2009.01.18"]
[Round "5.8"]
[White "Mayerhoff, Lothar"]
[Black "Stoevesand, Peter"]
[Result "0-1"]
[WhiteElo "1583"]
[BlackElo "1449"]
[PlyCount "74"]
[EventDate "2008.09.28"]
[EventType "team-tourn"]
[EventRounds "9"]
[EventCountry "GER"]
[SourceTitle "EXT 2022"]
[Source "ChessBase"]
[SourceDate "2021.10.06"]
[SourceVersion "1"]
[SourceVersionDate "2021.10.06"]
[SourceQuality "1"]
[WhiteTeam "Waren ESV"]
[BlackTeam "Neubrandenburg SG Eintracht II"]
[WhiteTeamCountry "GER"]
[BlackTeamCountry "GER"]

1. d4 d5 2. Nf3 Nf6 3. c4 e6 4. Nc3 Nbd7 5. e3 Be7 6. Bd3 dxc4 7. Bxc4 0-0 8. 0-0 b6 9. Qc2 Bb7 10. e4 c5 11. Rd1 Qc7 12. d5 Ne5 13. d6 Nxf3+ 14. gxf3 Bxd6 15. h3 Rad8 16. Bg5 Be7 17. Qe2 Bc6 18. Bh4 Nh5 19. Bxe7 Qxe7 20. Qe3 Qh4 21. Bf1 Nf4 22. Kh2 e5 23. Ne2 Bb5 24. Nxf4 exf4 25. Qe1 Bxf1 26. Qxf1 Rfe8 27. Qe2 Qe7 28. Rd2 Rxd2 29. Qxd2 Rd8 30. Qxf4 Qd6 31. e5 Qd2 32. Qh4 Re8 33. Qg3 Qxb2 34. Rg1 Qxe5 35. f4 Qf6 36. Rg2 Re4 37. f5 Qe5 0-1

[Event "Mecklenburg VP LL2 Ost 0708"]
[Site "Mecklenburg VP"]
[Date "2008.04.20"]
[Round "9.6"]
[White "Worm, Alfred"]
[Black "Mayerhoff, Lothar"]
[Result "1-0"]
[WhiteElo "1688"]
[BlackElo "1595"]
[PlyCount "93"]
[EventDate "2007.10.21"]
[EventType "team-tourn"]
[EventRounds "9"]
[EventCountry "GER"]
[SourceTitle "EXT 2016"]
[Source "ChessBase"]
[SourceDate "2015.10.08"]
[SourceVersion "1"]
[SourceVersionDate "2015.10.08"]
[SourceQuality "1"]
[WhiteTeam "Rostock SSC 07 III"]
[BlackTeam "Waren"]
[WhiteTeamCountry "GER"]
[BlackTeamCountry "GER"]

1. e4 c5 2. Nf3 Nc6 3. d4 cxd4 4. Nxd4 d6 5. Nc3 e5 6. Nb3 Nf6 7. Be2 Be7 8. Be3 0-0 9. f3 Re8 10. Qd2 Be6 11. 0-0-0 Bxb3 12. axb3 Qa5 13. Na4 Qc7 14. g4 Red8 15. Qe1 d5 16. g5 Nh5 17. exd5 Nb4 18. Nc3 Nf4 19. Bxf4 exf4 20. h4 Qa5 21. Kb1 Rac8 22. Bc4 Bc5 23. Qe4 Be3 24. d6 b5 25. d7 Rb8 26. Bxb5 Rf8 27. Ba4 Na6 28. Rd5 Qd8 29. Rhd1 Nc7 30. Ra5 a6 31. Nd5 Ne6 32. b4 Nc7 33. Nxc7 Qxc7 34. Re5 Rbd8 35. Re8 Qb8 36. Rxf8+ Rxf8 37. Qe7 Bb6 38. Qe8 h6 39. gxh6 g6 40. Qxb8 Rxb8 41. Rd6 Bd8 42. Rxa6 Bxh4 43. Rc6 Kh7 44. c3 Ra8 45. b3 Kxh6 46. Rc8 Ra7 47. Rh8+ 1-0

[Event "Mecklenburg VP LL1 0607"]
[Site "Mecklenburg VP"]
[Date "2006.11.19"]
[Round "3.6"]
[White "Hoerhold, Martin"]
[Black "Mayerhoff, Lothar"]
[Result "1-0"]
[WhiteElo "1595"]
[BlackElo "1621"]
[PlyCount "103"]
[EventDate "2006.10.15"]
[EventType "team"]
[EventRounds "9"]
[EventCountry "GER"]
[SourceTitle "EXT 2008"]
[Source "ChessBase"]
[SourceDate "2007.11.25"]
[SourceVersion "1"]
[SourceVersionDate "2007.11.25"]
[SourceQuality "1"]
[WhiteTeam "Neubrandenburg SG Eintracht II"]
[BlackTeam "Waren"]
[WhiteTeamCountry "GER"]
[BlackTeamCountry "GER"]

1. e4 c5 2. Nf3 Nc6 3. d4 cxd4 4. Nxd4 a6 5. c4 e5 6. Nf3 Bb4+ 7. Nbd2 Nf6 8. Qc2 d6 9. Be2 h6 10. a3 Bc5 11. 0-0 Be6 12. b4 Nd4 13. Nxd4 Bxd4 14. Rb1 0-0 15. Nb3 Bb6 16. Bb2 Rc8 17. Kh1 Qc7 18. Rbc1 d5 19. exd5 Bxd5 20. Qf5 Be4 21. Qxe5 Qxe5 22. Bxe5 Nd7 23. Bg3 f5 24. f3 Bc6 25. c5 Bd8 26. Bc4+ Kh8 27. Rcd1 f4 28. Bf2 Ne5 29. Be6 Rc7 30. Nd4 Ba4 31. Rd2 Re7 32. Re1 Bc7 33. Bb3 Bd7 34. Ne2 Bc6 35. Nc3 Rfe8 36. Nd5 Bxd5 37. Bxd5 Bb8 38. Bd4 Rd8 39. Bxe5 Bxe5 40. Red1 Bc3 41. Rd3 Bb2 42. Be4 Rxd3 43. Rxd3 g5 44. Kg1 Be5 45. Kf2 Kg7 46. Ke2 Kf6 47. Kd2 h5 48. h3 Rc7 49. Kc2 Rg7 50. Kb3 g4 51. hxg4 hxg4 52. fxg4 1-0

[Event "Mecklenburg VP LL1 0506"]
[Site "Mecklenburg VP"]
[Date "2006.01.29"]
[Round "6.7"]
[White "Buenz, Heinrich"]
[Black "Mayerhoff, Lothar"]
[Result "0-1"]
[WhiteElo "1624"]
[BlackElo "1650"]
[PlyCount "120"]
[EventDate "2005.10.23"]
[EventType "team"]
[EventRounds "9"]
[EventCountry "GER"]
[SourceTitle "EXT 2008"]
[Source "ChessBase"]
[SourceDate "2007.11.25"]
[SourceVersion "1"]
[SourceVersionDate "2007.11.25"]
[SourceQuality "1"]
[WhiteTeam "Neubrandenburg SG Eintracht II"]
[BlackTeam "Waren"]
[WhiteTeamCountry "GER"]
[BlackTeamCountry "GER"]

1. Nf3 Nf6 2. c4 c5 3. g3 g6 4. b3 Nc6 5. Bb2 Bg7 6. Bg2 0-0 7. 0-0 d6 8. Na3 Bd7 9. Nb5 a6 10. Nc3 Ne4 11. Qc2 Nxc3 12. Bxc3 e5 13. d3 Rb8 14. Rac1 Qe7 15. Rfe1 f5 16. e3 Rf7 17. h4 h6 18. Nh2 Nd8 19. f4 Bc6 20. Nf3 e4 21. Nd2 Bxc3 22. Qxc3 exd3 23. Qxd3 Bxg2 24. Kxg2 Qd7 25. Rcd1 Nc6 26. Nf3 Rd8 27. Rd2 Nb4 28. Qc3 Re7 29. Red1 Re6 30. a3 Nc6 31. b4 cxb4 32. axb4 Qe7 33. Re1 Re4 34. Rd3 Qg7 35. Qb3 Kh7 36. Nd2 Re7 37. b5 axb5 38. cxb5 Na7 39. Rd5 Rc7 40. Nc4 Nc8 41. Red1 Qe7 42. R1d4 Re8 43. Kf2 Qe6 44. Qd3 Rce7 45. h5 Qf6 46. hxg6+ Kxg6 47. g4 Qh4+ 48. Kf1 Qh3+ 49. Ke1 Rxe3+ 50. Nxe3 Rxe3+ 51. Kd2 Rxd3+ 52. Rxd3 Qxg4 53. R5d4 Qg2+ 54. Kc3 Qe2 55. Rg3+ Kf6 56. Rdd3 Qe4 57. Kc2 Qe6 58. Kd1 h5 59. Rh3 Qa2 60. Rxh5 Qa1+ 0-1

[Event "Mecklenburg VP LL1 0405"]
[Site "Mecklenburg VP"]
[Date "2004.10.24"]
[Round "1.7"]
[White "Reimer, Karl"]
[Black "Mayerhoff, Lothar"]
[Result "1/2-1/2"]
[WhiteElo "1617"]
[BlackElo "1633"]
[PlyCount "78"]
[EventDate "2004.10.24"]
[EventType "team"]
[EventRounds "9"]
[EventCountry "GER"]
[SourceTitle "EXT 2009"]
[Source "ChessBase"]
[SourceDate "2008.11.26"]
[SourceVersion "1"]
[SourceVersionDate "2008.11.26"]
[SourceQuality "1"]
[WhiteTeam "Wolgast Motor"]
[BlackTeam "Waren"]
[WhiteTeamCountry "GER"]
[BlackTeamCountry "GER"]

1. c4 c5 2. Nc3 g6 3. g3 Bg7 4. Bg2 Nf6 5. Nf3 Nc6 6. 0-0 0-0 7. d4 cxd4 8. Nxd4 Re8 9. Nxc6 bxc6 10. Rb1 Ba6 11. b3 Qc7 12. Bb2 Rad8 13. Re1 Bb7 14. e4 d6 15. Qe2 Nd7 16. Nd1 e5 17. Ne3 Nc5 18. Red1 Ne6 19. Nc2 Rf8 20. Qe3 Bc8 21. Rf1 Qa5 22. a3 Qc5 23. Qxc5 Nxc5 24. b4 Ne6 25. Rfd1 Ba6 26. Ne3 Bh6 27. Ng4 Bg5 28. h4 Be7 29. Ne3 f5 30. exf5 gxf5 31. Bxc6 Kg7 32. b5 Bc8 33. Nd5 Bf6 34. Nxf6 Kxf6 35. f4 Rg8 36. Kf2 Nc5 37. Rbc1 Ne4+ 38. Bxe4 fxe4 39. fxe5+ dxe5 1/2-1/2